000 00681nam a2200229Ia 4500
003 OSt
005 20220923211708.0
006 a|||||r|||| 00| 0
007 ta
008 220922b |||||||| |||| 00| 0 pan d
024 _a43,060
037 _cTextual
040 _aARTS
_cARTS
_bpan
041 _2pan
_apan
082 _aO153,3:g, J7
100 _aਜੀਤ, ਗੁਰਮੁਖ ਸਿੰਘ, ਂਚ.
245 0 _aਸਮਕਾਲੀ ਪੰਜਾਬੀ ਕਹਾਣੀ
260 _c1957
650 _aਪੰਜਾਬੀ ਸਾਹਿਤ
942 _hO153,3:g, J7
_cTEXL
_2CC
999 _c302684
_d302684